000 00307 a2200145 4500
001 194576
020 _a978-0-15-201990-7
040 _cMagnum
100 _aWood, Audrey
240 1 0 _aSilly Sally
_lpor
245 1 0 _aSilly Sally
362 0 _a1999
697 _aLITERATURA INFANTIL INGLESA
942 _cBK
999 _c194576
_d194576